<?xml version="1.0" encoding="UTF-8"?>
<marc:record xmlns:marc="http://www.loc.gov/MARC21/slim">
   <marc:leader>00000nam a2200000 a 4500</marc:leader>
   <marc:datafield ind1="1" ind2=" " tag="100">
      <marc:subfield code="a">Sen, Amartya</marc:subfield>
      <marc:subfield code="4">aut</marc:subfield>
      <marc:subfield code="e">Verfasser/-in</marc:subfield>
   </marc:datafield>
   <marc:datafield ind1=" " ind2=" " tag="653">
      <marc:subfield code="a">S||Wirtschaft</marc:subfield>
   </marc:datafield>
   <marc:datafield ind1=" " ind2=" " tag="653">
      <marc:subfield code="a">S||Dritte Welt</marc:subfield>
   </marc:datafield>
   <marc:datafield ind1=" " ind2=" " tag="653">
      <marc:subfield code="a">S||Frauen</marc:subfield>
   </marc:datafield>
   <marc:datafield ind1=" " ind2=" " tag="653">
      <marc:subfield code="a">S||Marktwirtschaft</marc:subfield>
   </marc:datafield>
   <marc:datafield ind1=" " ind2=" " tag="653">
      <marc:subfield code="a">S||Entwicklung</marc:subfield>
   </marc:datafield>
   <marc:datafield ind1="0" ind2="0" tag="245">
      <marc:subfield code="a">Ökonomie für den Menschen</marc:subfield>
   </marc:datafield>
   <marc:datafield ind1="0" ind2="0" tag="245">
      <marc:subfield code="b">Wege zu Gerechtigkeit und solidarität in der Marktwirtschaft</marc:subfield>
   </marc:datafield>
   <marc:datafield ind1="0" ind2="0" tag="245">
      <marc:subfield code="c">Amartya Sen</marc:subfield>
   </marc:datafield>
   <marc:datafield ind1=" " ind2="1" tag="264">
      <marc:subfield code="a">München</marc:subfield>
      <marc:subfield code="b">DTV DEUTSCHER TB. VERLAG</marc:subfield>
      <marc:subfield code="c">2002</marc:subfield>
   </marc:datafield>
   <marc:datafield ind1="1" ind2=" " tag="490">
      <marc:subfield code="a">dtv</marc:subfield>
      <marc:subfield code="v">36264</marc:subfield>
   </marc:datafield>
   <marc:datafield ind1=" " ind2=" " tag="250">
      <marc:subfield code="a">(dtsprach. Ausgabe 2000, Hanser)</marc:subfield>
   </marc:datafield>
   <marc:datafield ind1="1" ind2=" " tag="520">
      <marc:subfield code="a">"Entwicklung besteht darin, die verschiedenen Arten von Unfreiheit aufzuheben, die den Menschen nur wenig Entscheidungsspielraum und wenig Gelegenheit lassen, wohldurchdachten Gründen gemäß zu handeln." Ausgehend von dieser Überzeugung entwirft der aus Indien stammende Ökonom Amartya Sen, der 1998 mit dem Nobelpreis für Wirtschaftswissenschaften ausgezeichnet wurde, ein anschauliches Bild der Wechselwirkungen von wirtschaftlichen Möglichkeiten, öffentlichen Infrastrukturen (Bildung, Gesundheit), kulturellen Werten (z.B. Patriarchat oder Despotismus) sowie politischen Artikulations- und Partizipationsrechten. Die Freiheit, am wirtschaftlichen Austausch teilzunehmen, also der Zugang zum Arbeitsmarkt sowie zu den Warenmärkten, spiele dabei - so der Ökonom -  freilich die fundamentale Rolle, besonders auch für Frauen. Glaubwürdig kritisiert Sen lediglich an Größen wie dem Bruttosozialprodukt oder am Einkommen orientierte Konzepte. Die Betrachtung der Menschen als "aktive, Veränderungen bewirkende Subjekte" und die Bewertung von Entwicklungspolitik wie deren Institutionen daran, ob und wie weit sie dieses Ziel zu erreichen vermögen, macht das Emanzipatorische von Sens Ansatz aus, der zwar auf den Markt setzt, die destruktiven Seiten der gegenwärtigen Weltökonomie jedoch nicht leugnet. Hans Holzinger</marc:subfield>
   </marc:datafield>
   <marc:datafield ind1=" " ind2=" " tag="020">
      <marc:subfield code="a">3423362642</marc:subfield>
      <marc:subfield code="9">3423362642</marc:subfield>
   </marc:datafield>
   <marc:datafield ind1=" " ind2=" " tag="300">
      <marc:subfield code="a">424 S.</marc:subfield>
   </marc:datafield>
</marc:record>
